[Event "Titled Tue 1st Jul Early"]
[Site "chess.com INT"]
[Date "2025.07.01"]
[Round "11"]
[White "Esipenko, Andrey"]
[Black "Svane, Rasmus"]
[Result "1-0"]
[WhiteTitle "GM"]
[BlackTitle "GM"]
[WhiteElo "2679"]
[BlackElo "2619"]
[WhiteFideId "24175439"]
[BlackFideId "4657101"]
[EventDate "2025.07.01"]

1. d4 d5 2. Nf3 e6 3. g3 Nf6 4. Bg2 Be7 5. O-O O-O 6. Bf4 c5 7. dxc5 Bxc5 8. c4
Nc6 9. Nc3 d4 10. Na4 Bd6 11. Nxd4 Nxd4 12. Qxd4 Bxf4 13. Qxf4 Qa5 14. Nc3 Bd7
15. Rfd1 Rac8 16. Ne4 Nxe4 17. Bxe4 Bc6 18. b3 Bxe4 19. Qxe4 b6 20. Rd7 Rcd8 21.
Qb7 Rxd7 22. Qxd7 Qe5 23. Re1 a5 24. Qd2 h6 25. Rd1 Rc8 26. a4 Rf8 27. Kf1 Qe4
28. f3 Qe5 29. Qd4 Qc7 30. Qd6 Qb7 31. Qd7 Qb8 32. Rd6 g6 33. Qc6 h5 34. Qxb6
Qa8 35. Qb5 Rb8 36. Rb6 Rd8 37. Ke1 Qa7 38. c5 Kg7 39. Rb7 Qa8 40. c6 Rd5 41.
Qc4 Qd8 42. Qc3+ e5 43. c7 Rd1+ 44. Kf2 1-0

[Event "Titled Tue 1st Jul Early"]
[Site "chess.com INT"]
[Date "2025.07.01"]
[Round "11"]
[White "Movahed, Sina"]
[Black "Pranesh, M"]
[Result "0-1"]
[WhiteTitle "GM"]
[BlackTitle "GM"]
[WhiteElo "2558"]
[BlackElo "2592"]
[WhiteFideId "42520835"]
[BlackFideId "35028600"]
[EventDate "2025.07.01"]

1. e4 Nc6 2. Nf3 e5 3. Bb5 a6 4. Ba4 Nf6 5. O-O d6 6. Bxc6+ bxc6 7. Re1 g5 8. d4
g4 9. Nfd2 h5 10. Nc4 Qe7 11. b3 Nd7 12. dxe5 Nxe5 13. Bb2 Bg7 14. Nxe5 Bxe5 15.
Bxe5 Qxe5 16. Nd2 Be6 17. Qe2 h4 18. Qe3 Kd7 19. Rad1 Rag8 20. Kh1 Qg7 21. Nc4
g3 22. Nxd6 cxd6 23. Qa7+ Ke8 24. Qb8+ Ke7 25. Qxd6+ Kf6 26. fxg3 Qg5 27. Rd3 h3
28. Rf3+ Kg6 29. Qd4 Rd8 30. Qc3 hxg2+ 31. Kg1 Rh6 32. Rf2 Bh3 33. Qxc6+ Kg7 34.
Qc7 Rf8 35. Qc3+ Rf6 36. Rd1 Kg6 37. Rxf6+ Qxf6 38. Qe3 Qf1+ 0-1

[Event "Titled Tue 1st Jul Early"]
[Site "chess.com INT"]
[Date "2025.07.01"]
[Round "11"]
[White "Lesovoi, Evgenij"]
[Black "Sakun, Volodymyr"]
[Result "0-1"]
[WhiteTitle "FM"]
[BlackTitle "FM"]
[WhiteElo "2234"]
[BlackElo "2301"]
[WhiteFideId "24164135"]
[BlackFideId "14114062"]
[EventDate "2025.07.01"]

1. d4 d5 2. c4 e6 3. Nc3 Nf6 4. cxd5 exd5 5. Bg5 c6 6. e3 Be7 7. Bd3 h5 8. Qc2
Nbd7 9. Nf3 g6 10. Rb1 Kf8 11. O-O Kg7 12. b4 a6 13. a4 Re8 14. Rfd1 Ne4 15.
Bxe7 Qxe7 16. b5 axb5 17. axb5 Ra3 18. Bxe4 dxe4 19. Nd2 Nf6 20. Nc4 Ra8 21.
bxc6 bxc6 22. Ne5 c5 23. Nc6 Qd6 24. d5 Ng4 25. g3 Qf6 26. Nb5 Ne5 27. Nxe5 Rxe5
28. f4 exf3 29. e4 Bg4 30. Re1 Rae8 31. Nc3 h4 32. Re3 hxg3 33. hxg3 Rh8 34. Nd1
Qg5 35. Qf2 Qh5 36. Kf1 Qh1+ 37. Qg1 Qh3+ 38. Ke1 Qh2 39. Qxh2 Rxh2 40. Rb2 Rh1+
41. Kd2 Rxd1+ 42. Kxd1 f2+ 43. Kd2 f1=Q 0-1

[Event "Titled Tue 1st Jul Early"]
[Site "chess.com INT"]
[Date "2025.07.01"]
[Round "11"]
[White "Dambaev, Dashi"]
[Black "Grebeniuk, Semen"]
[Result "0-1"]
[WhiteTitle "CM"]
[WhiteElo "2142"]
[BlackElo "2324"]
[WhiteFideId "55628494"]
[BlackFideId "14117509"]
[EventDate "2025.07.01"]

1. d4 Nf6 2. c4 g6 3. g3 Bg7 4. Bg2 O-O 5. Nc3 d6 6. Nf3 Nc6 7. O-O a6 8. d5 Na5
9. Nd2 c5 10. Qc2 Rb8 11. b3 b5 12. Bb2 Bh6 13. f4 Bg7 14. Rab1 Ng4 15. Qd3 Bd4+
16. Kh1 Ne3 17. Rf3 Bf5 18. Nde4 bxc4 19. bxc4 Naxc4 20. Bc1 Rxb1 21. Nxb1 Nxg2
22. Kxg2 Nb6 23. e3 e6 24. g4 Bxe4 25. Qxe4 exd5 26. Qc2 Bg7 27. Bb2 Re8 28.
Bxg7 Kxg7 29. Nc3 Qf6 30. Qb3 Nc4 31. Nxd5 Qb2+ 32. Qxb2+ Nxb2 33. Rf1 Nc4 34.
Kf3 Nd2+ 35. Ke2 Nxf1 36. Kxf1 Rb8 37. Nc3 Rb2 38. h4 h5 39. gxh5 gxh5 40. Ne4
Rxa2 41. Nxd6 a5 42. e4 a4 43. e5 a3 44. f5 Rc2 45. f6+ Kf8 46. e6 fxe6 47. Ne4
a2 0-1

[Event "Titled Tue 1st Jul Early"]
[Site "chess.com INT"]
[Date "2025.07.01"]
[Round "11"]
[White "Sovetbekova, Nurai"]
[Black "Goncharov, Vladimir"]
[Result "1-0"]
[WhiteTitle "WFM"]
[WhiteElo "2007"]
[BlackElo "2077"]
[WhiteFideId "13801910"]
[BlackFideId "34162256"]
[EventDate "2025.07.01"]

1. d4 Nf6 2. c4 e6 3. Nc3 Bb4 4. Bd2 d5 5. e3 O-O 6. Nf3 c6 7. Bd3 Nbd7 8. O-O
Bd6 9. e4 dxe4 10. Nxe4 Nxe4 11. Bxe4 Nf6 12. Bc2 h6 13. Bc3 c5 14. Qd3 Re8 15.
Rfe1 Bf8 16. Rad1 cxd4 17. Bxd4 g6 18. Ne5 Bg7 19. Nxg6 fxg6 20. Qxg6 Rf8 21.
Bc5 Qe8 22. Bxf8 Qxf8 23. Re3 b6 24. h3 Bb7 25. Rg3 Qf7 26. Qd3 Kf8 27. Qa3+ Kg8
28. Bg6 Qf8 29. Qe3 Qc5 30. Qxe6+ Kh8 31. Bc2 Rf8 32. Qe3 Qxe3 33. Rxe3 Rc8 34.
b3 a5 35. Red3 Bc6 36. Rd8+ Rxd8 37. Rxd8+ Ne8 38. Bg6 Bf6 39. Rc8 Bd7 40. Ra8
Bc6 41. Rb8 Be5 42. Rxb6 Bd7 43. Bxe8 1-0

[Event "Titled Tue 1st Jul Early"]
[Site "chess.com INT"]
[Date "2025.07.01"]
[Round "11"]
[White "Perez Cruz, Adianet"]
[Black "Harriott, Tyrell"]
[Result "1-0"]
[WhiteTitle "WFM"]
[WhiteElo "1984"]
[BlackElo "1933"]
[WhiteFideId "3510115"]
[BlackFideId "2086484"]
[EventDate "2025.07.01"]

1. d4 e6 2. Nf3 d5 3. Bf4 f5 4. h3 Ne7 5. g4 Ng6 6. Bg5 Be7 7. Bxe7 Qxe7 8. c3
O-O 9. e3 c6 10. Bd3 Nd7 11. Nbd2 Nf6 12. Qc2 Ne4 13. c4 Bd7 14. a3 Rae8 15. Qb3
b6 16. Rg1 Kh8 17. g5 e5 18. cxd5 cxd5 19. Qxd5 Be6 20. Qb5 exd4 21. Nxd4 Bd7
22. Qb4 Ne5 23. Bxe4 fxe4 24. Qxe7 Rxe7 25. h4 Nd3+ 26. Kd1 Nxb2+ 27. Kc2 Nd3
28. Nxe4 Nc5 29. Nxc5 bxc5 30. Nb3 Rxf2+ 31. Kc3 Be6 32. Nxc5 Rc7 33. Kd4 Rd2+
34. Nd3 Rd7+ 35. Ke5 R2xd3 36. Kxe6 R3d5 37. Rab1 g6 38. Rb8+ Kg7 39. Rf1 R5d6+
40. Ke5 Rd5+ 41. Ke4 R5d6 42. Rff8 Re6+ 43. Kf3 Rf7+ 44. Rxf7+ Kxf7 45. Rb7+ Re7
46. Rxe7+ Kxe7 47. Ke4 Ke6 48. Kd4 Kd6 49. e4 a6 50. e5+ Ke6 51. Ke4 a5 52. a4
Ke7 53. Kd5 Kd7 54. e6+ Ke7 55. Ke5 h5 56. gxh6 Kf8 57. Kf6 Kg8 58. e7 Kh7 59.
e8=Q g5 60. Qg6+ Kh8 61. Qg7# 1-0

[Event "Titled Tue 1st Jul Early"]
[Site "chess.com INT"]
[Date "2025.07.01"]
[Round "11"]
[White "Ternault, Mathieu"]
[Black "Iljin, Timofey"]
[Result "0-1"]
[WhiteTitle "FM"]
[BlackTitle "IM"]
[WhiteElo "2276"]
[BlackElo "2242"]
[WhiteFideId "20641532"]
[BlackFideId "14110180"]
[EventDate "2025.07.01"]

1. e4 e6 2. d4 d5 3. exd5 exd5 4. Nf3 c5 5. Bb5+ Nc6 6. O-O Bd6 7. dxc5 Bxc5 8.
Re1+ Ne7 9. Be3 Bd6 10. Nc3 O-O 11. h3 h6 12. a3 Re8 13. Bd3 a6 14. Qd2 Bf5 15.
Bxf5 Nxf5 16. Qxd5 Nxe3 17. Rxe3 Rxe3 18. fxe3 Qe7 19. Qe4 Qf6 20. Nd4 Nxd4 21.
exd4 Rd8 22. Rd1 Bb8 23. Qxb7 Qf4 24. Qf3 Qh2+ 25. Kf2 Rd6 26. Ne4 Re6 27. d5
Rg6 28. c4 Ba7+ 29. c5 Bxc5+ 30. Nxc5 Rf6 31. d6 Qe5 32. Nd3 Rxf3+ 33. Kxf3 Qxd6
34. Nf2 Qc6+ 35. Ke2 Qb5+ 36. Nd3 Qh5+ 37. Kd2 Qg5+ 38. Kc2 Qxg2+ 39. Rd2 Qc6+
40. Kb1 Qh1+ 41. Ka2 Qxh3 42. b4 Qe6+ 43. Kb2 Qf6+ 44. Kb3 h5 45. Nc5 h4 46. Nd7
Qe6+ 47. Ka4 h3 48. Nc5 Qe8+ 49. Ka5 Qe3 50. Rd8+ Kh7 51. Rd3 Qh6 52. Rd1 Qc6
53. Rd2 Qb5# 0-1

[Event "Titled Tue 1st Jul Early"]
[Site "chess.com INT"]
[Date "2025.07.01"]
[Round "11"]
[White "Mora Munoz, Alejandro"]
[Black "Caku, Kler"]
[Result "1-0"]
[WhiteTitle "FM"]
[BlackTitle "WFM"]
[WhiteElo "2147"]
[BlackElo "2010"]
[WhiteFideId "4469844"]
[BlackFideId "4704703"]
[EventDate "2025.07.01"]

1. e4 e5 2. Nf3 Nc6 3. Bb5 a6 4. Ba4 Nf6 5. O-O b5 6. Bb3 Be7 7. Re1 O-O 8. a4
Rb8 9. axb5 axb5 10. c3 d6 11. h3 Bd7 12. d4 Ra8 13. Rxa8 Qxa8 14. Nbd2 exd4 15.
cxd4 Nb4 16. e5 dxe5 17. dxe5 Nfd5 18. Ne4 Be6 19. Neg5 Rd8 20. Nxe6 fxe6 21.
Qe2 Qb7 22. Bg5 c5 23. Bxe7 Qxe7 24. Qxb5 Nf4 25. Qc4 Rf8 26. Qe4 Nfd3 27. Rd1
Rf4 28. Qe3 c4 29. Ba4 Rf8 30. Bb5 Rc8 31. b3 Nb2 32. Rd7 Qc5 33. Qg5 Qf8 34.
bxc4 Nc2 35. h4 Na3 36. Ba6 Nbxc4 37. Bxc8 Nb6 38. Rd8 Nxc8 39. Rxf8+ Kxf8 40.
Qd8+ Kf7 41. Qxc8 1-0

[Event "Titled Tue 1st Jul Early"]
[Site "chess.com INT"]
[Date "2025.07.01"]
[Round "11"]
[White "Weetik, Vjacheslav"]
[Black "Khazhatuly, Alikhan"]
[Result "0-1"]
[WhiteTitle "FM"]
[BlackTitle "CM"]
[WhiteElo "2423"]
[BlackElo "2172"]
[WhiteFideId "4153472"]
[BlackFideId "13731335"]
[EventDate "2025.07.01"]

1. Nf3 Nf6 2. g3 d5 3. Bg2 e6 4. O-O Be7 5. d4 O-O 6. c4 dxc4 7. Qc2 a6 8. a4
Bd7 9. Qxc4 Bc6 10. Bf4 a5 11. Nc3 Na6 12. Rad1 Nb4 13. e3 Rc8 14. Qe2 Nbd5 15.
Nb5 Nb6 16. b3 Bd5 17. Qc2 c5 18. dxc5 Rxc5 19. Qb1 Qc8 20. Rc1 Be4 21. Qb2 Nbd5
22. Nd6 Rc2 23. Nxc8 Rxb2 24. Nd4 Bxg2 25. Kxg2 Ba3 26. Kf3 h6 27. h4 Nd7 28.
Bd6 Bxd6 29. Nxd6 b6 30. Rb1 Rxb1 31. Rxb1 Ne5+ 32. Ke4 Nd7 33. Rc1 Nc5+ 34. Kf3
Rd8 35. N6b5 Nb4 36. Ke2 e5 37. Nf5 f6 38. h5 Kf8 39. Rc4 Nbd3 40. g4 e4 41.
Nbd6 Ne5 0-1

[Event "Titled Tue 1st Jul Early"]
[Site "chess.com INT"]
[Date "2025.07.01"]
[Round "11"]
[White "Dubnevych, Maksym"]
[Black "Deng, Henry"]
[Result "1-0"]
[WhiteTitle "FM"]
[BlackTitle "FM"]
[WhiteElo "2296"]
[BlackElo "2293"]
[WhiteFideId "14184001"]
[BlackFideId "30965454"]
[EventDate "2025.07.01"]

1. Nc3 c5 2. Nf3 Nc6 3. d4 cxd4 4. Nxd4 Nf6 5. Bg5 e6 6. e4 Bb4 7. Nb5 h6 8.
Bxf6 Qxf6 9. a3 Bc5 10. Qd2 O-O 11. O-O-O Qxf2 12. Qxf2 Bxf2 13. Be2 d5 14. exd5
exd5 15. Nxd5 a6 16. Nd6 Rd8 17. Nxf7 Rxd5 18. Rxd5 Be6 19. Nxh6+ gxh6 20. Rd6
Bf7 21. Kb1 Kg7 22. Rf1 Bc5 23. Rd7 Ne5 24. Rxb7 Kg8 25. Rf5 Bd6 26. Rf6 Rd8 27.
Rxh6 Bf8 28. Rf6 Bd5 29. Rc7 Bg7 30. Rf5 Re8 31. Rg5 Nf7 32. Rxd5 Rxe2 33. Rdd7
Rf2 34. g4 Be5 35. Rb7 Nd6 36. Rb8+ Rf8 37. Rxf8+ Kxf8 38. Ra7 Nc4 39. Rxa6 Nxb2
40. Rc6 Na4 41. Ka2 Ke7 42. Kb3 Kd7 43. Rh6 Nc3 44. Rh7+ Ke6 45. g5 Ne4 46. h4 1-0

[Event "Titled Tue 1st Jul Early"]
[Site "chess.com INT"]
[Date "2025.07.01"]
[Round "11"]
[White "Tiitta, Sauli"]
[Black "Cornelisse, Lorelei"]
[Result "0-1"]
[BlackTitle "WFM"]
[WhiteElo "2157"]
[BlackElo "2129"]
[WhiteFideId "502251"]
[BlackFideId "1087177"]
[EventDate "2025.07.01"]

1. g4 d5 2. h3 e5 3. c4 h5 4. g5 d4 5. d3 Nc6 6. a3 a5 7. Bg2 Nge7 8. Nd2 Ng6 9.
Ne4 Nh4 10. Bf1 Bf5 11. Ng3 Bg6 12. Qa4 Be7 13. Rh2 Bxg5 14. Bg2 O-O 15. Bd5 Ne7
16. Be4 f5 17. Bxg5 fxe4 18. Bxh4 exd3 19. exd3 Bxd3 20. O-O-O Bg6 21. N1e2 Qd6
22. Bxe7 Qxe7 23. h4 Ra6 24. Qb5 Rb6 25. Qd5+ Kh8 26. Ne4 Rf3 27. Nc5 Qf6 28.
Nd7 Qf5 29. Nxd4 Rc3+ 30. Kd2 Rd3+ 31. Ke1 Rxd4 32. Rxd4 exd4 33. Qxf5 Bxf5 34.
Ne5 Rxb2 35. Kd1 d3 36. f4 Rxh2 37. Nf3 Bg4 38. Ke1 Bxf3 39. f5 Kg8 40. f6 gxf6
41. c5 Kf7 42. c6 bxc6 43. a4 c5 44. Kf1 c4 45. Kg1 c3 46. Kxh2 c2 47. Kg3 c1=Q
48. Kxf3 Qd2 49. Ke4 Qe2+ 50. Kd5 d2 51. Kc6 Qc4+ 52. Kb7 d1=Q 53. Kc8 Qdg4+ 54.
Kb8 Qb4+ 55. Ka7 Qgd4+ 56. Ka8 Qd8+ 57. Ka7 Qdb8+ 58. Ka6 Q8b6# 0-1

[Event "Titled Tue 1st Jul Early"]
[Site "chess.com INT"]
[Date "2025.07.01"]
[Round "11"]
[White "Logachiov, Aleksandr"]
[Black "Milare, Tyron"]
[Result "0-1"]
[WhiteTitle "CM"]
[BlackTitle "FM"]
[WhiteElo "2129"]
[BlackElo "2217"]
[WhiteFideId "24123706"]
[BlackFideId "12987018"]
[EventDate "2025.07.01"]

1. d4 d5 2. c4 c6 3. Nf3 Nf6 4. Nc3 g6 5. g3 Bg7 6. b3 O-O 7. Bb2 Be6 8. cxd5
Nxd5 9. Bg2 Qa5 10. Qd2 Rd8 11. O-O Nxc3 12. Bxc3 Qh5 13. Qf4 Qf5 14. e4 Qxf4
15. gxf4 Bg4 16. Ne5 Bxe5 17. fxe5 Na6 18. f4 Nc7 19. h3 Bh5 20. Rf2 Nb5 21. Bb2
Nxd4 22. f5 Ne2+ 23. Kh2 e6 24. Raf1 Rd2 25. Ba3 Rxa2 26. Bd6 Nc3 27. Rf4 gxf5
28. exf5 exf5 29. Rxf5 Bg6 30. R5f4 Nd5 31. R4f3 Re8 32. Rg3 Re2 33. h4 Ne3 34.
Rg1 h5 35. Kh1 Nxg2 36. R3xg2 Rxg2 37. Rxg2 Kh7 38. Kg1 Be4 39. Rg5 Rg8 40. Kf2
Rxg5 41. hxg5 Kg6 42. Be7 Bd5 43. Kg3 Bxb3 44. Kf4 a5 45. Bd8 a4 46. Be7 Be6 47.
Bc5 h4 48. Bb4 h3 49. Bd2 h2 0-1

[Event "Titled Tue 1st Jul Early"]
[Site "chess.com INT"]
[Date "2025.07.01"]
[Round "11"]
[White "Garde, Guillaume"]
[Black "Tikhonov, Viacheslav"]
[Result "1/2-1/2"]
[WhiteTitle "CM"]
[BlackTitle "CM"]
[WhiteElo "2196"]
[BlackElo "2183"]
[WhiteFideId "45138273"]
[BlackFideId "44196407"]
[EventDate "2025.07.01"]

1. d4 Nf6 2. Nf3 g6 3. Nbd2 d5 4. e3 a5 5. a4 Bg7 6. b3 O-O 7. Ba3 Re8 8. Bd3
Nc6 9. O-O e5 10. dxe5 Ng4 11. Bb2 Ngxe5 12. Nxe5 Nxe5 13. Be2 Nf3+ 14. Nxf3
Bxb2 15. Rb1 Bg7 16. c4 Bf5 17. Rc1 dxc4 18. Rxc4 Be6 19. Qxd8 Rexd8 20. Rxc7
Bxb3 21. Bb5 Bd5 22. Nd4 Be5 23. Rc5 Rac8 24. Rfc1 Rxc5 25. Rxc5 Bxd4 26. exd4
Bb3 27. Rc3 Be6 28. Rd3 Rc8 29. f3 Bd5 30. Re3 Kf8 31. Kf2 Rc2+ 32. Re2 Rc1 33.
Re8+ Kg7 34. Rd8 Rc2+ 35. Kg3 Bc6 36. Bxc6 bxc6 37. Ra8 Rc4 38. Rxa5 Rxd4 39.
Rc5 Rxa4 40. Rxc6 Ra2 41. h4 h5 42. Rb6 Rc2 43. Kh3 Rc5 44. g4 Rc3 45. Kg3 hxg4
46. Kxg4 Rc4+ 47. f4 Rc5 48. Rb7 Rf5 49. Ra7 Rc5 50. Rb7 Rc1 51. Ra7 Rg1+ 52.
Kf3 Rh1 53. Kg3 Kg8 54. Ra8+ Kg7 55. Ra7 Rb1 56. Rc7 Kf6 57. Rc6+ Ke7 58. Rc7+
Ke6 59. Rc6+ Kd7 60. Ra6 Rg1+ 61. Kf3 Ke7 62. Ra7+ Kf6 63. Ra6+ Kg7 64. Ra7 Rc1
65. Kg4 Rc5 66. Rb7 1/2-1/2

[Event "Titled Tue 1st Jul Early"]
[Site "chess.com INT"]
[Date "2025.07.01"]
[Round "11"]
[White "Germanovs, Georgijs"]
[Black "Samunenkov, Ihor"]
[Result "0-1"]
[WhiteTitle "CM"]
[BlackTitle "GM"]
[WhiteElo "2260"]
[BlackElo "2555"]
[WhiteFideId "11609710"]
[BlackFideId "14187086"]
[EventDate "2025.07.01"]

1. e4 c5 2. Nf3 Nc6 3. Bb5 g6 4. O-O Bg7 5. c3 e5 6. d3 Nge7 7. Re1 O-O 8. Nbd2
a6 9. Bc4 h6 10. Nf1 d5 11. exd5 Nxd5 12. Ne3 Be6 13. a4 Re8 14. Ba2 Nxe3 15.
Bxe3 Bxa2 16. Rxa2 Qd5 17. Ra3 Rad8 18. Qb3 Qxd3 19. Bxc5 e4 20. Nd4 e3 21. fxe3
Rxe3 22. Rf1 Ne5 23. Qxb7 Qe4 24. Qxe4 Rxe4 25. Rb3 Nd3 26. Ba7 Rd7 27. Rb8+ Kh7
28. Nc6 Rc4 29. Na5 Rxa4 30. Nc6 Rc7 31. b3 Re4 32. Bd4 Rxc6 33. Rxf7 Re1+ 34.
Rf1 Bxd4+ 35. cxd4 Rxf1+ 36. Kxf1 g5 37. g3 Rd6 38. Rb7+ Kg6 39. Ke2 Rxd4 40.
Rb6+ Kh5 41. Ke3 Rb4 42. Rxa6 Rxb3 43. Rd6 Nc5+ 44. Ke2 Rb2+ 45. Kf3 Rb3+ 46.
Kg2 Ne4 47. Re6 Rb2+ 48. Kf3 Nd2+ 49. Kg2 Nc4+ 50. Kf3 g4+ 51. Kf4 Rf2+ 52. Ke4
Re2+ 53. Kf5 Rxe6 54. Kxe6 Ne3 55. Ke5 Kg5 56. Ke4 Nf1 0-1

[Event "Titled Tue 1st Jul Early"]
[Site "chess.com INT"]
[Date "2025.07.01"]
[Round "11"]
[White "Wong, Yinn Long"]
[Black "Akhmedov, David"]
[Result "1-0"]
[WhiteTitle "FM"]
[BlackTitle "FM"]
[WhiteElo "2300"]
[BlackElo "2447"]
[WhiteFideId "5707684"]
[BlackFideId "34220194"]
[EventDate "2025.07.01"]

1. e4 e5 2. Nf3 Nc6 3. Bc4 Nf6 4. d3 Be7 5. O-O O-O 6. Nc3 d6 7. a3 Be6 8. Nd5
Bxd5 9. exd5 Nb8 10. a4 Nfd7 11. d4 Bf6 12. Re1 exd4 13. Nxd4 Nb6 14. Bb3 a5 15.
c3 N8d7 16. Nb5 g6 17. Bh6 Bg7 18. Bxg7 Kxg7 19. Qd4+ Kg8 20. Re3 Rc8 21. Rae1
Qf6 22. Qd1 Ne5 23. Qd4 Ned7 24. Qd1 Ne5 25. Re4 h5 26. h3 Kg7 27. Qd4 Ned7 28.
Qd1 Ne5 29. f4 Ned7 30. Bc2 Nc5 31. Re7 c6 32. dxc6 bxc6 33. Na7 Ra8 34. Nxc6
Nc4 35. b3 Na3 36. b4 Qxc3 37. bxc5 Qxc5+ 38. Qd4+ Qxd4+ 39. Nxd4 Rac8 40. Ne6+
Kf6 41. Nxf8 Nxc2 42. Nd7+ Kf5 43. Rc1 1-0

[Event "Titled Tue 1st Jul Early"]
[Site "chess.com INT"]
[Date "2025.07.01"]
[Round "11"]
[White "Akshat Sureka"]
[Black "Chylewski, Patryk"]
[Result "1-0"]
[WhiteTitle "FM"]
[BlackTitle "IM"]
[WhiteElo "2339"]
[BlackElo "2319"]
[WhiteFideId "25774492"]
[BlackFideId "1186191"]
[EventDate "2025.07.01"]

1. c4 Nf6 2. Nc3 g6 3. g3 Bg7 4. Bg2 O-O 5. Nf3 d6 6. O-O c5 7. d4 cxd4 8. Nxd4
Nc6 9. Nxc6 bxc6 10. Bxc6 Bh3 11. Bxa8 Qxa8 12. f3 Bxf1 13. Kxf1 Rc8 14. Qd3 Nd7
15. Nd5 Kf8 16. Bg5 f6 17. Bf4 Qc6 18. b3 Nc5 19. Qe3 e5 20. Bh6 Qd7 21. Nxf6
Qh3+ 22. Kg1 Qxh6 23. Qxh6 Bxh6 24. Nd5 Bg7 25. Rf1 Ne6 26. Nc3 Nd4 27. e3 Nc2
28. Kf2 Ke8 29. Rd1 Kd7 30. Rd2 Nb4 31. a3 Nc6 32. Nb5 Bf8 33. Nxd6 Bxd6 34. c5
Kc7 35. Rxd6 Rd8 36. Rxd8 Nxd8 37. Ke2 Kc6 38. b4 a5 39. Kd3 a4 40. Kc4 Ne6 41.
b5+ Kd7 42. Kd5 Ke7 43. b6 Kd7 44. c6+ Kc8 45. Kxe6 1-0

[Event "Titled Tue 1st Jul Early"]
[Site "chess.com INT"]
[Date "2025.07.01"]
[Round "11"]
[White "Shahinyan, Vladimir"]
[Black "Vihaan Karthikeya N"]
[Result "1/2-1/2"]
[WhiteTitle "CM"]
[BlackTitle "CM"]
[WhiteElo "2182"]
[BlackElo "2179"]
[WhiteFideId "13314599"]
[BlackFideId "25950673"]
[EventDate "2025.07.01"]

1. c4 e6 2. d4 d5 3. cxd5 exd5 4. Nc3 Be7 5. Qc2 Nf6 6. Bg5 O-O 7. e3 Bg4 8. Bd3
Nbd7 9. Nge2 Bh5 10. Nf4 Bg6 11. Nxg6 hxg6 12. O-O-O c5 13. h4 cxd4 14. exd4 a6
15. h5 Nxh5 16. Bxe7 Qxe7 17. Nxd5 Qg5+ 18. Ne3 Rac8 19. Kb1 Rxc2 20. Bxc2 Ndf6
21. g3 Nxg3 22. Rhg1 Qf4 23. Rxg3 Qxf2 24. Rh3 Re8 25. Rdh1 Nh5 26. Rf1 Qxf1+
27. Nxf1 Re1+ 28. Bd1 Rxd1+ 29. Kc2 Rxf1 30. d5 Nf4 31. d6 Rf2+ 32. Kc3 Ne6 33.
Kc4 g5 34. Rb3 g4 35. Kd5 g3 36. Rxg3 Rxb2 37. Rc3 Rxa2 38. Rc8+ Kh7 39. Rb8 Rb2
40. Ke5 a5 41. d7 a4 42. Kd6 a3 43. Ra8 a2 44. Ke7 b5 45. Kxf7 Nd8+ 46. Rxd8
Rf2+ 47. Ke7 Rd2 48. Ra8 b4 49. Rxa2 Rxa2 50. d8=Q Re2+ 51. Kf7 Rf2+ 52. Ke6
Re2+ 53. Kf5 Rf2+ 54. Kg4 Rf6 55. Qd3+ Kh8 56. Kg5 Kg8 57. Qc4+ Kh7 58. Qxb4 Kg8
59. Qh4 Kf7 60. Qh8 Rg6+ 61. Kf5 Rf6+ 62. Ke5 Re6+ 63. Kd5 Rf6 64. Ke5 Re6+ 65.
Kd4 Rf6 66. Kd5 Kg6 67. Qg8 Kh6 68. Ke5 Kg6 69. Ke4 Kh6 70. Qh8+ Kg6 71. Ke5 Kf7
72. Kd4 Rd6+ 73. Ke5 Re6+ 1/2-1/2

[Event "Titled Tue 1st Jul Early"]
[Site "chess.com INT"]
[Date "2025.07.01"]
[Round "11"]
[White "Shogdzhiev, Roman"]
[Black "Ibarra Jerez, Jose Carlos"]
[Result "1-0"]
[WhiteTitle "FM"]
[BlackTitle "GM"]
[WhiteElo "2411"]
[BlackElo "2545"]
[WhiteFideId "55653537"]
[BlackFideId "2226332"]
[EventDate "2025.07.01"]

1. e4 c5 2. Nf3 e6 3. d4 cxd4 4. Nxd4 Bc5 5. c3 Nc6 6. Be3 Bb6 7. Nd2 d5 8. Bb5
Ne7 9. O-O O-O 10. Re1 e5 11. N4f3 f6 12. exd5 Nxd5 13. Bc4 Be6 14. Bxb6 Qxb6
15. Qb3 Rad8 16. Rad1 Na5 17. Qxb6 axb6 18. Bf1 Nf4 19. b3 Nd3 20. Bxd3 Rxd3 21.
Rc1 Rfd8 22. Nf1 Bg4 23. Ne3 Bxf3 24. gxf3 Nc6 25. Red1 b5 26. Kf1 Kf7 27. Ke2
Rxd1 28. Rxd1 Rxd1 29. Kxd1 Ke6 30. Kd2 f5 31. Kd3 g6 32. Nc2 Kd6 33. b4 Kd5 34.
Ne3+ Ke6 35. Nc2 Na7 36. c4 bxc4+ 37. Kxc4 Kd6 38. a4 b5+ 39. axb5 Nc8 40. Ne3
Nb6+ 41. Kd3 Ke6 42. Nc4 Nd5 43. Na5 Kd6 44. b6 Nxb4+ 45. Kc4 Nc2 46. Kb5 e4 47.
fxe4 fxe4 48. Ka6 Nb4+ 49. Ka7 e3 50. fxe3 Kd7 51. b7 1-0

[Event "Titled Tue 1st Jul Early"]
[Site "chess.com INT"]
[Date "2025.07.01"]
[Round "11"]
[White "Hansen, Eric"]
[Black "Kollars, Dmitrij"]
[Result "1-0"]
[WhiteTitle "GM"]
[BlackTitle "GM"]
[WhiteElo "2609"]
[BlackElo "2644"]
[WhiteFideId "2606771"]
[BlackFideId "12909572"]
[EventDate "2025.07.01"]

1. e4 e5 2. Nf3 Nc6 3. Bc4 Nf6 4. d3 Bc5 5. c3 d6 6. O-O a5 7. Re1 O-O 8. h3 Be6
9. b3 h6 10. Nbd2 Ba7 11. Nf1 Ne7 12. Ng3 Ng6 13. Bxe6 fxe6 14. d4 Nd7 15. Be3
Qf6 16. Kh2 Nf4 17. Rc1 Rf7 18. Rc2 Bb6 19. dxe5 Nxe5 20. Bxb6 cxb6 21. Nxe5
Qxe5 22. Qd4 Qg5 23. f3 b5 24. Rd2 Rd8 25. Qb6 Rfd7 26. Red1 h5 27. Qxa5 Qe5 28.
h4 g5 29. Kh1 gxh4 30. Nf1 h3 31. g3 Ng2 32. c4 Qf6 33. Rf2 bxc4 34. Qxh5 cxb3
35. axb3 Rh7 36. Qa5 Rdd7 37. Qb4 Qe5 38. Rc2 Rhf7 39. Rc8+ Kg7 40. Rc3 Qh5 41.
Qd4+ e5 42. Qf2 Qg6 43. Qe2 Kh7 44. Rcd3 Qe6 45. Nh2 Rg7 46. Ng4 Rg6 47. Kh2 Qf7
48. b4 Nf4 49. gxf4 Qxf4+ 50. Kh1 Rf7 51. Qh2 Qg5 52. b5 Kg8 53. b6 Rf4 54. Qg3
Qh5 55. Rxd6 Rgxg4 56. fxg4 Rxg4 57. Qxg4+ Qxg4 58. Rg1 1-0

[Event "Titled Tue 1st Jul Early"]
[Site "chess.com INT"]
[Date "2025.07.01"]
[Round "11"]
[White "Grandelius, Nils"]
[Black "Indjic, Aleksandar"]
[Result "1-0"]
[WhiteTitle "GM"]
[BlackTitle "GM"]
[WhiteElo "2642"]
[BlackElo "2661"]
[WhiteFideId "1710400"]
[BlackFideId "911925"]
[EventDate "2025.07.01"]

1. d4 Nf6 2. Nf3 e6 3. e3 b6 4. Bd3 Bb7 5. O-O d5 6. c4 Nbd7 7. cxd5 exd5 8. b3
a6 9. Ba3 Bxa3 10. Nxa3 Qe7 11. Qc1 Rc8 12. Nb1 O-O 13. Nc3 c5 14. dxc5 bxc5 15.
Re1 Rfe8 16. Qb2 Ne5 17. Nxe5 Qxe5 18. Na4 d4 19. f3 dxe3 20. Qxe5 Rxe5 21. Rac1
g5 22. Bf1 Nh5 23. Rc3 Rce8 24. Rxc5 Nf4 25. Rxe5 Rxe5 26. g3 Ne6 27. Bg2 Nd4
28. f4 gxf4 29. gxf4 Bxg2 30. fxe5 Nf3+ 31. Kxg2 Nxe1+ 32. Kf1 Nf3 33. Nc5 a5
34. Ke2 Nxh2 35. Kxe3 h5 36. Kf4 Kg7 37. Nb7 Kg6 38. Nxa5 h4 39. Nc6 Kh5 40. a4
Nf1 41. Nd4 h3 42. Nf3 Nd2 43. Nxd2 h2 44. Nf1 h1=Q 45. Ng3+ Kg6 46. Nxh1 f6 47.
exf6 1-0